Waluty Ameryki Południowej - Statystyki

Ogólne statystyki
  • Ten quiz został rozwiązany 13 razy
  • Średni wynik to 8 z 12
Statystyki odpowiedzi
Państwo Waluta % Poprawnych
Chile Peso chilijskie
92%
Argentyna Peso argentyńskie
92%
Kolumbia Peso kolumbijskie
92%
Urugwaj Peso urugwajskie
83%
Gujana Dolar gujański
75%
Surinam Dolar surinamski
75%
Ekwador Dolar amerykański
58%
Brazylia Real brazylijski
50%
Peru Sol
50%
Boliwia Boliviano
33%
Wenezuela Boliwar soberano
33%
Paragwaj Guarani
33%
Nie znaleziono quizów pasujących do podanych kryteriów
Rozkład punktacji
Procent ludzi z każdym wynikiem
Percentyl według liczby udzielonych odpowiedzi
Twoja historia wyników
Nie rozwiązałeś tego quizu